Storia di roma : l'età tardoantica, iii-vi secolo d.c., volume ii /

Guardado en:
Otros Autores: Salvo, Lietta de, ed., Neri, Claudia, ed.
Formato: Libro
Publicado: Roma : Jouvence, 2010
Materias:
Etiquetas: Agregar Etiqueta
Sin Etiquetas, Sea el primero en etiquetar este registro!
LEADER 00636nam a22001935a 4500
001 EHU.bham041667
003 AR-BHAM
005 20120814113116.0
008 130507s2010##################000#0#####d
020 |a 9788878013278 
082 9 3 |a 937 
245 0 0 |a Storia di roma :  |b l'età tardoantica, iii-vi secolo d.c., volume ii /  |c  A Cura Di Lietta De Salvo E Claudia Neri 
260 |a Roma :  |b Jouvence,  |c 2010 
300 |a 531 p. 
653 |a Roma-historia de 
653 |a Roma-historia de-siglos iii-vi 
700 1 |a Salvo, Lietta de, ed. 
700 1 |a Neri, Claudia, ed. 
859 |a AR-BHAM  |b BIB. HUMANIDADES - General  |h 937  |i St74  |p 131.12  |t Ej.1  |v II  |3 II